000 00371nam a2200157Ia 4500
008 151213s9999 xx 000 0 und d
020 _a0-09997220-4
100 _aRoland Barthes
245 _aMythologies
_cRoland Barthes
260 _aParis
_bVintage
_c1972
300 _a7151 p.
650 _aEnglish
650 _aEnglish
700 _aRoland Barthes
999 _c3794
_d3794